Every franchise from Smash Bros Ultimate - Statistics

General Stats
  • This quiz has been taken 6 times
  • The average score is 36 of 40
Answer Stats
Hint Answer % Correct
Villager, Isabelle Animal Crossing
100%
Donkey Kong, Diddy Kong, King K. Rool Donkey Kong
100%
Marth, Lucina, Roy, Chrom, Ike, Robin, Corrin, Byleth Fire Emblem
100%
Ice Climbers Ice Climbers
100%
Kirby, Meta Knight, King Dedede Kirby
100%
Mega Man Mega Man
100%
Snake Metal Gear Solid
100%
Samus, Dark Samus, Zero Suit Samus, Ridley Metroid
100%
Olimar / Alph Pikmin
100%
Pikachu, Jiggypuff, Pichu, Mewtwo, Pokémon Trainer(Squirtle, Ivysaur, Charizard), Lucario, Greninja, Incineroar Pokémon
100%
Little Mac Punch-Out!!
100%
R.O.B. R.O.B.
100%
Sonic Sonic The Hedgehog
100%
Fox, Falco, Wolf Starfox
100%
Mario, Luigi, Dr. Mario, Peach, Daisy, Rosalina & Luma, Bowser, Bowser Jr. + Koopalings , Piranha Plant Super Mario
100%
Link, Young Link, Toon Link, Zelda, Sheik, Ganondorf The LegendOf Zelda
100%
Wario Warioware
100%
Wii Fit Trainer Wii Fit
100%
Yoshi Yoshi
100%
Min Min ARMS
83%
Banjo & Kazooie Banjo & Kazooie
83%
Bayonetta Bayonetta
83%
Simon, Richter Castlevania
83%
Duck Hunt Duo Duck Hunt
83%
Ness, Lucas Earthbound (Mother)
83%
Terry Fatal Fury (King Of Fighters)
83%
Cloud, Sephiroth Final Fantasy (VII)
83%
Captain Falcon F-Zero
83%
Mr. Game & Watch Game & Watch
83%
Pit, Dark Pit, Palutena Kid Icarus
83%
Sora Kingdom Hearts
83%
Steve / Alex / Zombie / Enderman Minecraft
83%
PAC-MAN PAC-MAN
83%
Joker Persona (5)
83%
Inkling Splatoon
83%
Ryu, Ken Street Fighter
83%
Mii Brawler, Mii Swordfighter, Mii Gunner Super Smash Bros
83%
Shulk, Pyra, Mythra XenobladeChronicles
83%
Hero (Eleven, Edrick, Solo, Eight) Dragon Quest
67%
Kazuya Tekken
67%
No matching quizzes found
Score Distribution
Percent of People with Each Score
Percentile by Number Answered
Your Score History
You have not taken this quiz